| 000 | 00515cam a22001451 4500 | ||
|---|---|---|---|
| 082 |
_a355.009242 _bTRO |
||
| 100 | 1 |
_aTrotter, Lionel J. _949279 |
|
| 245 | 0 | 4 |
_aThe life of John Nicholson, _bsoldier and administrator; based on private and hitherto unpublished documents, _cby Captain Lionel J. Trotter. |
| 250 | _a3d. ed. | ||
| 260 |
_aLondon, _bJ. Murray, _c[1898] |
||
| 300 |
_ax, 333 p. _billus., fold. maps, ports. _c23 cm. |
||
| 526 |
_a0 _b0 _c0 _d355_009242000000000_TRO |
||
| 650 |
_aMCE _9379 |
||
| 942 |
_2ddc _cBK |
||
| 999 |
_c552072 _d552072 |
||